Mycorrhizas: anatomy and cell biology
Guardado en:
| Autores principales: | , , |
|---|---|
| Formato: | Libro |
| Lenguaje: | inglés |
| Publicado: |
Ottawa
National Research Council of Canada
2004
|
| Edición: | 1a. ed |
| Materias: | |
| Etiquetas: |
Agregar Etiqueta
Sin Etiquetas, Sea el primero en etiquetar este registro!
|
MARC
| LEADER | 00000nam a2200000 a 4500 | ||
|---|---|---|---|
| 001 | UCK6508 | ||
| 003 | CL-VaPUC | ||
| 008 | 051007e20040000cn |||||||||||||||||eng|d | ||
| 020 | |a 0660190877 | ||
| 082 | 0 | 4 | |a 581.498 |b PET |2 21 |
| 100 | 0 | |a Peterson, R. Larry |e author |9 495845 | |
| 700 | 0 | |a Massicotte, Hugues B |e author |9 495846 | |
| 700 | 0 | |a Melville, Lewis H |e author |9 495847 | |
| 245 | 1 | 0 | |a Mycorrhizas: anatomy and cell biology |
| 250 | |a 1a. ed | ||
| 300 | |a 173 p | ||
| 942 | |c BK | ||
| 945 | |d 20051007 00:00:00 |a cmena | ||
| 260 | |a Ottawa |b National Research Council of Canada |c 2004 | ||
| 650 | 0 | |a Botánica |9 264202 | |
| 650 | 7 | |a RAICES |2 CL-VaPUC |9 372488 | |
| 650 | 7 | |a MORFOLOGIA DE LAS PLANTAS |2 CL-VaPUC |9 495848 | |
| 650 | 0 | |a Biología de las plantas |9 432723 | |
| 583 | |a last modification |c 20171127 05:06:32 |k Rodrigo Vera | ||
| 999 | |c 314789 |d 314787 | ||
| 952 | |0 0 |1 0 |4 0 |6 581_498000000000000_PET_2004 |7 0 |8 A |9 387525 |a BIBAGR |b BIBAGR |d 2019-11-22 |i 4171993 |o 581.498 PET 2004 |p 4171993 |r 2025-01-20 |w 2019-11-22 |y BK |k AGR | ||